Lana Del Rey - High By The Beach Lyrics - Statistics

General Stats
  • This quiz has been taken 184 times
  • The average score is 310 of 370
Answer Stats
Answer % Correct
a
99%
be
98%
beach
98%
by
98%
High
98%
high
98%
the
98%
The
98%
I
96%
do
95%
When
95%
all
94%
All
94%
get
94%
Get
94%
you
94%
You
94%
is
93%
me
93%
wanna
92%
to
90%
To
90%
want
89%
your
88%
bye
87%
know
87%
that
87%
don't
85%
Don't
85%
truth
85%
at
83%
baby
83%
it
83%
look
83%
into
82%
never
82%
We
82%
lookin'
81%
on
81%
can
79%
'cause
79%
But
78%
but
78%
bullshit
76%
my
76%
this
76%
survive
73%
what
73%
hard
72%
need
72%
It's
71%
man
71%
bein'
70%
Boy
70%
can't
70%
motherfucker
70%
anymore
69%
harder
69%
Lovin'
69%
money
69%
feel
68%
make
68%
of
68%
was
68%
bad
67%
how
67%
Lights
67%
so
67%
love
66%
won't
66%
camera
65%
If
65%
just
65%
own
65%
wanted
65%
We're
65%
we're
65%
you're
65%
could
64%
understand
64%
I'll
63%
Not
62%
Now
62%
one
62%
tribute
61%
bought
60%
got
59%
problems
59%
through
59%
Through
59%
would
59%
revenge
57%
surreal
57%
take
56%
pay
55%
another
54%
acción
53%
sinkin'
52%
that's
52%
again
50%
Because
50%
out
50%
start
49%
end
47%
fire
46%
hand
46%
real
46%
Anyone
41%
born
41%
wheel
41%
here's
40%
Peace
37%
brings
36%
sand
36%
vengeance
33%
No matching quizzes found
Score Distribution
Percent of People with Each Score
Percentile by Number Answered
Your Score History
You have not taken this quiz